Teatro español del siglo XVIII: antología

Salvato in:
Dettagli Bibliografici
Autore principale: Johnson, Jerry L (Autore)
Natura: Libro
Lingua:spagnolo
Pubblicazione: Barcelona Bruguera 1972
Soggetti:
Tags: Aggiungi Tag
Nessun Tag, puoi essere il primo ad aggiungerne!!

MARC

LEADER 00000nam a2200000 a 4500
001 UCQ5336
003 CL-VaPUC
008 980925e19720000SP |||||||||||||||||spa|d
082 0 4 |a 862.08  |b JOH  |2 21 
100 0 |a Johnson, Jerry L  |e author  |9 419468 
245 1 0 |a Teatro español del siglo XVIII: antología 
300 |a 888 p 
942 |c BK 
945 |d 19980925 00:00:00  |a crobeson 
260 |a Barcelona  |b Bruguera  |c 1972 
650 0 |a Dramas españoles  |9 267081 
650 0 |a Literatura española  |9 306261 
650 0 |a Antologías  |9 309836 
583 |a last modification  |c 19980925 00:00:00  |k Rodrigo Vera 
999 |c 275549  |d 275547 
952 |0 0  |1 0  |4 0  |6 862_080000000000000_JOH_1972  |7 0  |8 A  |9 312319  |a BIBEDU  |b BIBEDU  |d 2019-11-20  |i 1470574  |o 862.08 JOH 1972  |p 1470574  |r 2019-11-20  |w 2019-11-20  |y BK  |k LIT